书目信息 |
| 题名: |
中国产业结构演变史
|
|
| 作者: | 汪海波 著 | |
| 分册: | ||
| 出版信息: | 北京 中国社会科学出版社 2020.05 |
|
| 页数: | 11, 559页 | |
| 开本: | 24cm | |
| 丛书名: | ||
| 单 册: | ||
| 中图分类: | F121.3 | |
| 科图分类: | ||
| 主题词: | 产业结构--chan ye jie gou--经济史--中国--1949-2019 | |
| 电子资源: | ||
| ISBN: | 978-7-5203-6329-7 | |
| 000 | 00935nam0 2200229 450 | |
| 001 | 202021193154 | |
| 005 | 20211025120136.0 | |
| 010 | @a978-7-5203-6329-7@dCNY198.00 | |
| 100 | @a20210927d2020 em y0chiy50 ea | |
| 101 | 0 | @achi |
| 102 | @aCN@b110000 | |
| 105 | @ak z 000yy | |
| 106 | @ar | |
| 200 | 1 | @a中国产业结构演变史@Azhong guo chan ye jie gou yan bian shi@e1949-2019@f汪海波著 |
| 210 | @a北京@c中国社会科学出版社@d2020.05 | |
| 215 | @a11, 559页@d24cm | |
| 330 | @a本书系统梳理了中华人民共和国成立70年来产业结构的发展历程。内容包括: 新民主主义社会的产业结构 —— 经济恢复时期的产业结构 (1949年10月-1952年) ; 从新民主主义社会到社会主义社会的过渡时期的产业结构 —— 社会主义工业初步基础建立时期的产业结构 (1953-1957年) 等。 | |
| 606 | 0 | @a产业结构@Achan ye jie gou@x经济史@y中国@z1949-2019 |
| 690 | @aF121.3@v5 | |
| 701 | 0 | @a汪海波@Awang hai bo@4著 |
| 801 | 0 | @aCN@c20210909 |
| 905 | @a河南城建学院图书馆@dF121.3@eW060 | |
| 中国产业结构演变史:1949-2019/汪海波著.-北京:中国社会科学出版社,2020.05 |
| 11, 559页;24cm |
| ISBN 978-7-5203-6329-7:CNY198.00 |
| 本书系统梳理了中华人民共和国成立70年来产业结构的发展历程。内容包括: 新民主主义社会的产业结构 —— 经济恢复时期的产业结构 (1949年10月-1952年) ; 从新民主主义社会到社会主义社会的过渡时期的产业结构 —— 社会主义工业初步基础建立时期的产业结构 (1953-1957年) 等。 |
| ● |
| 相关链接 |
|
|
|
正题名:中国产业结构演变史
索取号:F121.3/W060
 
预约/预借
| 序号 | 登录号 | 条形码 | 馆藏地/架位号 | 状态 | 备注 |
| 1 | 1542141 | 215421416 | 社科库409/409社科库 68排3列4层/ [索取号:F121.3/W060] | 在馆 |